000 00555nam a22001817a 4500
003 UA-OsUOA
001 9380
007 ta
008 20041019b un ||||| |||| 00| 0 ukr d
100 _aМирний В.
942 _cSA
040 _aUA-OsUOA
_cUA-OsUOA
_dUA-OsUOA
245 _a" ... Жива, як і народ" : Минуло 155 літ від дня народження Панаса Мирного
300 _aС.4
955 _a0
773 0 _w0
_tЛітературна Украіна
_dКиїв
_d2004
_g№40
650 7 _aМирний П.
_2UDC
999 _c295541
_d295541